| 000 | 00713nam a22002177a 4500 | ||
|---|---|---|---|
| 999 |
_c8496 _d8496 |
||
| 003 | GBCCL | ||
| 005 | 20241126110652.0 | ||
| 008 | 210302b ||||| |||| 00| 0 eng d | ||
| 020 | _a0567031489 (pbk.) | ||
| 020 | _a0567031470 (hardback) | ||
| 040 | _cGBC | ||
| 082 |
_a230.19 _bZIZ |
||
| 100 |
_aZizioulas, Jean, _d1931- _914916 |
||
| 245 |
_aCommunion and otherness : _bfurther studies in personhood and the church / _cJohn D. Zizioulas ; edited by Paul McPartlan. |
||
| 300 |
_axiv, 315 p. ; _b22 cm. |
||
| 650 |
_aOrthodox Eastern Church _vDoctrines. _914917 |
||
| 650 |
_aTheological anthropology _vChristianity. _914918 |
||
| 650 |
_aChurch. _9263 |
||
| 700 |
_aMcPartlan, Paul. _914919 |
||
| 942 |
_2ddc _cBK _01 |
||